01540nam a2200349 a 4500001001200000003000800012006001900020007001500039008004100054010001700095020001500112040002100127035002000148050002300168082001900191245015500210260005500365300002300420500019300443504006400636533015200700650002600852650004000878650002100918650002300939655002900962700002000991700001901011710001701030856012601047999001701173ebr10041180CaPaEBRm u cr cn|||||||||980427s1998 dcua sb 001 0 eng  z 98019705  z0309060966 aCaPaEBRcCaPaEBR a(OCoLC)4232848014aU22.3b.M58 1998eb04a355/.001/922100aModeling human and organizational behaviorh[electronic resource] :bapplication to military simulations /cRichard W. Pew and Anne S. Mavor, editors. aWashington, D.C. :bNational Academy Press,c1998. axi, 418 p. :bill. aThis report is the work of the Panel on Modeling Human Behavior and Command Decision Making: Representations for Military Simulations, established by the National Research Council in 1996. aIncludes bibliographical references (p. 343-390) and index. aElectronic reproduction.bPalo Alto, Calif. :cebrary,d2013.nAvailable via World Wide Web.nAccess may be limited to ebrary affiliated libraries. 0aPsychology, Military. 0aHuman behaviorxSimulation methods. 0aDecision making. 0aCommand of troops. 7aElectronic books.2local1 aPew, Richard W.1 aMavor, Anne S.2 aebrary, Inc.40uhttp://site.ebrary.com/lib/rucke/Doc?id=10041180zAn electronic book accessible through the World Wide Web; click to view c61024d61024